Upkar's hotel management : (Record no. 133476)
[ view plain ]
| 000 -LEADER | |
|---|---|
| fixed length control field | 00680nam a22002297a 4500 |
| 005 - DATE AND TIME OF LATEST TRANSACTION | |
| control field | 20170124110210.0 |
| 010 ## - LIBRARY OF CONGRESS CONTROL NUMBER | |
| LC control number | B-131708 |
| 020 ## - INTERNATIONAL STANDARD BOOK NUMBER | |
| Terms of availability | 220.00 |
| 035 ## - SYSTEM CONTROL NUMBER | |
| System control number | B-149528 |
| 037 ## - SOURCE OF ACQUISITION | |
| Source of stock number/acquisition | Cen Lib/Ret |
| 040 ## - CATALOGING SOURCE | |
| Original cataloging agency | DPL |
| Language of cataloging | EN |
| 082 ## - DEWEY DECIMAL CLASSIFICATION NUMBER | |
| Classification number | 000 |
| Item number | LAL |
| 100 ## - MAIN ENTRY--PERSONAL NAME | |
| Personal name | Lal & Jain |
| 9 (RLIN) | 106008 |
| 245 ## - TITLE STATEMENT | |
| Title | Upkar's hotel management : |
| Statement of responsibility, etc | by Lal & Jain |
| Remainder of title | joint entrance examination / |
| 260 ## - PUBLICATION, DISTRIBUTION, ETC. (IMPRINT) | |
| Place of publication, distribution, etc | Agra |
| Name of publisher, distributor, etc | Upkar Prakashan |
| Date of publication, distribution, etc | 2006 |
| 270 ## - ADDRESS | |
| Address | 2/11A, Swadeshi Bima Nagar |
| City | Agra |
| Postal code | 282002 |
| 300 ## - PHYSICAL DESCRIPTION | |
| Extent | Various pages |
| Dimensions | 23cm (Hb) |
| 650 ## - SUBJECT ADDED ENTRY--TOPICAL TERM | |
| Topical term or geographic name as entry element | Hotel management |
| 9 (RLIN) | 106009 |
| 650 ## - SUBJECT ADDED ENTRY--TOPICAL TERM | |
| Topical term or geographic name as entry element | Entrance examination Test |
| 9 (RLIN) | 106010 |
| 700 ## - ADDED ENTRY--PERSONAL NAME | |
| Personal name | Jain |
| 9 (RLIN) | 474 |
| 942 ## - ADDED ENTRY ELEMENTS (KOHA) | |
| Source of classification or shelving scheme | Dewey Decimal Classification |
| Koha item type | English Books |
| Classification part | 000 |
| Call number suffix | LAL |
| Withdrawn status | Lost status | Damaged status | Not for loan | Home library | Current library | Date acquired | Source of acquisition | Cost, normal purchase price | Total Checkouts | Full call number | Barcode | Date last seen | Date checked out | Copy number | Cost, replacement price | Price effective from | Koha item type | Public note |
|---|---|---|---|---|---|---|---|---|---|---|---|---|---|---|---|---|---|---|
| Written off | Central Library | Central Library | 27/07/2015 | Cen Lib/Ret | 220.00 | 2 | 000 LAL | B-131708 | 31/10/2017 | 18/10/2017 | 1 | 220.00 | 27/07/2015 | English Books | Written off on approval by DLB (By Circulation); dtd 15-06-2023 |
